वस्तुनिष्ठ मध्यप्रदेश सामान्य ज्ञान (Record no. 64162)
[ view plain ]
| 000 -LEADER | |
|---|---|
| fixed length control field | 00410nam a22001097a 4500 |
| 082 ## - DEWEY DECIMAL CLASSIFICATION NUMBER | |
| Classification number | 001 |
| 100 ## - MAIN ENTRY--AUTHOR NAME | |
| Personal name | मीणा एस |
| 245 ## - TITLE STATEMENT | |
| Title | वस्तुनिष्ठ मध्यप्रदेश सामान्य ज्ञान |
| 260 ## - PUBLICATION, DISTRIBUTION, ETC. (IMPRINT) | |
| Place of publication | इन्दौर |
| Name of publisher | पुणेकर पब्लि |
| Year of publication | 2001 |
| 650 ## - SUBJECT ADDED ENTRY--TOPICAL TERM | |
| Topical Term | सामान्य ज्ञान |
| 942 ## - ADDED ENTRY ELEMENTS (KOHA) | |
| Koha item type | Books |
No items available.









